LEADER 01828nam a2200289 i 4500 001 000000363188 003 CaOOAMICUS 005 20251001075218.0 008 250617s1995 it a u000 u mul u 020 $a88-7988-397-6 040 $aSeMil$bita 111 2 $aConvegno storico internazionale <31. ; 1994 ; Todi>.$0(OLS)http://semarc/name/122211 245 10$aFederico 2. e le nuove culture :$batti del 31. Convegno storico internazionale, Todi, 9-12 ottobre 1994. 264 1$aSpoleto :$bCentro Italiano di studi sull'Alto Medioevo,$c1995. 300 $aX, 538 p., [10] carte di tav. :$bill. ;$c24 cm. 490 1 $aAtti dei convegni del Centro italiano di studi sul Basso Medioevo - Accademia Tudertina e del Centro di studi sulla spiritualitą medievale. Nuova serie ;$v8 600 04$aFederico II : di Svevia .$0(OLS)http://semarc/subject/12720 650 4$aCultura - Sec. 13.$0(OLS)http://semarc/subject/57872 710 2 $aCentro italiano di studi sul Basso Medioevo. Accademia Tudertina.$0(OLS)http://semarc/name/7292 710 2 $aUniversitą degli Studi : Centro di studi sulla spiritualitą medievale.$0(OLS)http://semarc/name/9445 830 0$aAtti dei convegni del Centro italiano di studi sul Basso Medioevo - Accademia Tudertina. Nuova serie ;$v8.$0(OLS)http://semarc/title/19062 850 $aSeMil 852 $aSeMil$W1$xVenegono$y1$m3TA E 8$j258540$B254053$CSeMilBibl$Z2$F254053 $81 996 $6020$a88-7988-397-6$9(OLS)http://semarc/number/303388 996 $6245$aFederico 2. e le nuove culture :$batti del 31. Convegno storico internazionale, Todi, 9-12 ottobre 1994$9(OLS)http://semarc/title/454339 996 $6264$aSpoleto :$bCentro Italiano di studi sull'Alto Medioevo$9(OLS)http://semarc/publisher/30994